000 00614nam a22002177a 4500
003 UA-OsUOA
001 105161
007 ta
008 20140211b un ||||| |||| 00| 0 ukr d
100 _aСкиба А.В.
090 _a902
_bС42
942 _cSA
040 _aUA-OsUOA
_bukr
_cUA-OsUOA
_dUA-OsUOA
245 _aПоясний гарнітур з Курилівського скарбу VІІ ст.
300 _aС.55-63
955 _a0
041 _aukr
080 _a902
773 0 _w105157
_tАрхеологія
_dК.
_d2013
_g4
650 7 _a9 Географія. Біографії. Історія
_2UDC
999 _c391365
_d391365